00410nam a22001097a 4500008004100000022001300041050002800054245014100082260003400223300003300257440001000290140923b xxu||||| |||| 00| 0 eng d a1022842x aKJE5461.B76(1994 pt4/5) aCourt of justice of the European communities1994 pt4/5:b reports of cases before the court of justice and the court of first instance./ aLuxembourg:bO.P.E.C.,c1994. aiv, various pagings.:c23cm. npt4/5